Rihanna - Albums par ordre alphabétique - Statistiques

Statistiques générales
  • Ce quiz a été pris 10 fois
  • Le résultat moyen est 6 sur 8
Statistiques - réponses
Lettres Albums % Correct
A Anti
86%
L Loud
86%
M Music Of The Sun
86%
R Rated R
86%
U Unapologetic
86%
T Talk That Talk
71%
G Good Girl Gone Bad
57%
G A Girl Like Me
43%
Aucun quiz correspondant
Distribution des résultats
% des personnes avec chaque résultat
Percentile par nombre de réponses
Votre historique - résultats
Vous n’avez pas pris ce quiz